Analysis of E-commerce elements and its applications

Analýza elektronického obchodu. Internet a obchodovanie. Redukcia zamestnancov, šetrenie času a peňazí, zníženie nákladov. Využitie informačnej a komunikačnej technológie pri tomto spôsobe obchodovania.

Salvato in:
Dettagli Bibliografici
Autore principale: Hasan, Jamal
Natura: Capitolo di libro
Lingua:inglese
Soggetti:
Tags: Aggiungi Tag
Nessun Tag, puoi essere il primo ad aggiungerne!!

MARC

LEADER 00000nla$a2200000$$$4500
001 0082854
005 20240502071930.7
041 0 |a eng 
044 |a SK 
245 1 0 |a Analysis of E-commerce elements and its applications  |c Jamal Hasan 
520 |a Analýza elektronického obchodu. Internet a obchodovanie. Redukcia zamestnancov, šetrenie času a peňazí, zníženie nákladov. Využitie informačnej a komunikačnej technológie pri tomto spôsobe obchodovania. 
610 2 0 |a softvér 
610 2 0 |a obchod elektronický 
610 2 0 |a internet 
610 2 0 |a technológie informačné 
610 2 0 |a technológie komunikačné 
100 1 |a Hasan, Jamal